| 000 | 00522cam a2200181 a 4500 | ||
|---|---|---|---|
| 020 | _a0070374163 | ||
| 040 | _cDLC | ||
| 082 | 0 | 0 | _a660 MCG 1991 A037 Or. |
| 245 | 0 | 0 | _aRisk assessment in genetic engineering / |
| 260 |
_aNew York : _bMcGraw-Hill, _cc1991. |
||
| 300 |
_axi, 403 p. : _bill. ; _c24 cm. |
||
| 500 | _aSubtitle on cover: Environmental release of organisms. | ||
| 650 | 0 | _aGenetic engineering | |
| 650 | 0 | _aTransgenic organisms | |
| 700 | 1 | _aLevin, Morris A. | |
| 700 | 1 | _aStrauss, Harlee S. | |
| 942 | _cEK | ||
| 999 |
_c11499 _d11499 |
||